ÜBER EINEN SATZ VON KHINTCHINE II

Bibliographic Details
Main Author: Mišík, Ladislav, 1921-2001 (Author)
Format: Article
Language:German

MARC

LEADER 00000nab a2200000uu 4500
001 vtls010891944
003 SK-MaSNL
005 20260303142005.0
008 230222|1974 xo |||||||||||||||||ger|
015 |a SNBRB 
035 |a (urnnbn)urn:nbn:sk:snk:ar-0065tz 
035 |a (uuid)f471c0b9-abdd-4c91-883d-437725d8e454 
035 |a urn:nbn:sk:snk-ab8lm1 
040 |a SNKBUCL  |b slo  |c SNKBUCL  |e AACR2 
041 0 |a ger 
044 |a xo  |c SK 
100 1 |a Mišík, Ladislav,  |d 1921-2001  |4 aut  |9 212666 
245 1 0 |a ÜBER EINEN SATZ VON KHINTCHINE II  |c Ladislav Mišík 
773 0 |t Matematický časopis  |g Roč. 24, č. 2 (1974), s. 145-154 
958 |a OND 
958 |a EUIPO 
958 |a article10 
999 |c 1979986  |d 1981916